书目信息 |
| 题名: |
踏潮启新
|
|
| 作者: | 戴路 , 李怡 著 | |
| 分册: | ||
| 出版信息: | 北京 中国建筑工业出版社 2024.09 |
|
| 页数: | 436页 | |
| 开本: | 21cm | |
| 丛书名: | ||
| 单 册: | ||
| 中图分类: | K826.16=76 | |
| 科图分类: | ||
| 主题词: | 建筑师--访问记--中国--现代 | |
| 电子资源: | ||
| ISBN: | 978-7-112-30135-5 | |
| 000 | 01301nam0 2200265 450 | |
| 001 | 013007827 | |
| 005 | 20251022203521.09 | |
| 010 | @a978-7-112-30135-5@dCNY68.00 | |
| 100 | @a20250107d2024 em y0chiy0120 ea | |
| 101 | 0 | @achi |
| 102 | @aCN@b110000 | |
| 105 | @aa z 000zd | |
| 106 | @ar | |
| 200 | 1 | @a踏潮启新@9ta chao qi xin@e改革开放初期留学“取经”的中国建筑师@dEmbarking and pioneering@eChinese architects studying abroad in the early stage of reform and opening up@f戴路,李怡著@zeng |
| 210 | @a北京@c中国建筑工业出版社@d2024.09 | |
| 215 | @a436页@c图,照片@d21cm | |
| 300 | @a天津市自然科学基金面上项目 中国建筑工业出版社学术著作出版基金项目 | |
| 330 | @a本书是作者在广泛深入采访费麟、马国馨、荆其敏、黄锡谬、郑时龄、项秉仁、柴裴义、鲍家声、傅克诚、仲德嵬、时匡、孙凤岐等多位代表性建筑师的基础上完成的,以海外留学这一新视角观察改革开放初期一代建筑师中的特定群体,呈现国家留学政策的不断调整深化,关注特定时期中国现代建筑的发展历程。 | |
| 510 | 1 | @aEmbarking and pioneering@eChinese architects studying abroad in the early stage of reform and opening up@zeng |
| 606 | 0 | @a建筑师@x访问记@y中国@z现代 |
| 690 | @aK826.16=76@v5 | |
| 701 | 0 | @a戴路@9dai lu@c(女)@4著 |
| 701 | 0 | @a李怡@9li yi@c(女)@4著 |
| 801 | 0 | @aCN@c20250909 |
| 905 | @a河南城建学院图书馆@dK826.16@eD118@ZD118@f1 | |
| 踏潮启新:改革开放初期留学“取经”的中国建筑师=Embarking and pioneering:Chinese architects studying abroad in the early stage of reform and opening up/戴路,李怡著.-北京:中国建筑工业出版社,2024.09 |
| 436页:图,照片;21cm |
| 天津市自然科学基金面上项目 中国建筑工业出版社学术著作出版基金项目 |
| ISBN 978-7-112-30135-5:CNY68.00 |
| 本书是作者在广泛深入采访费麟、马国馨、荆其敏、黄锡谬、郑时龄、项秉仁、柴裴义、鲍家声、傅克诚、仲德嵬、时匡、孙凤岐等多位代表性建筑师的基础上完成的,以海外留学这一新视角观察改革开放初期一代建筑师中的特定群体,呈现国家留学政策的不断调整深化,关注特定时期中国现代建筑的发展历程。 |
| ● |
| 相关链接 |
|
|
|
正题名:踏潮启新
索取号:K826.16/D118
 
预约/预借
| 序号 | 登录号 | 条形码 | 馆藏地/架位号 | 状态 | 备注 |
| 1 | 1632566 | 216325661 | 社科库309/309社科库 55排5列4层/ [索取号:K826.16/D118] | 在馆 |